Music Quiz

Random Music or The Beatles Quiz

NOT the Beatles Quiz Stats

 Plays Quiz Updated Nov 20, 2013

Challenge
Share
Tweet
Embed
Score 0/20 Timer 04:00
3 Plays Today
hint J, P, G, or R? % Correct
He thanked God (George Burns?) he was a country boy???
92%
He was happy she was having his baby???
85.6%
He had rhythm, and someone to watch over him, or at least his brother Ira did???
80.1%
He and 'Proud Mary' wondered 'Who'll Stop the Rain' as a bad moon was rising???
79.1%
When Bonzo choked to death on his own vomit, Led Zeppelin called it quits???
78.3%
Born to be 'Bad to the Bone', he drinks alone too???
65.3%
Concerned for his Public Image, he stopped being Rotten???
64.5%
'California Dreamin' on a 'Monday, Monday', and Papa's 'Glad to Be Unhappy' about it???
60.8%
'Everytime You Go Away', big hit as performed not by Hall and Oates, but by this man???
58.3%
Country music legend, married to Tammy Wynette, until 'He Stopped Loving Her Today'???
57.3%
hint J, P, G, or R? % Correct
'Boris the Spider' meets his sticky demise, Who's creeping and crawling now???
55%
'A Man Called Horse' who once lamented that someone had left his cake out in the rain???
53.3%
He was Free and 'All Right Now' until Bad Company came along???
52.5%
If you really want to hurt him, this Boy will play 'The Crying Game'???
49.5%
He couldn't sing, sing a song, so he had his sister do it???
47.2%
This Brit only had one American hit single, but it was 'Heaven on the 7th Floor'???
40.5%
He took a 'Magic Carpet Ride' because he was 'Born To Be Wild'???
39.3%
He had 'Echoes' of 'Time' with 'Us and Them', now gone to 'The Great Gig in the Sky'???
37.8%
After leaving The Kingston Trio, he daydream-believed The Monkees, and hit 'Gold'???
33.6%
Sprung a leak 'Up on Cripple Creek' with pals Robbie, Levon, Rick, and Garth???
29.2%

You're not logged in!

Compare scores with friends on all Sporcle quizzes.
OR
Log In

You Might Also Like...

Show Comments

Extras

Top Quizzes Today


Score Distribution

Your Account Isn't Verified!

In order to create a playlist on Sporcle, you need to verify the email address you used during registration. Go to your Sporcle Settings to finish the process.

Report this User

Report this user for behavior that violates our Community Guidelines.

Details: